000 00612nam a2200241Ia 4500
003 OSt
005 20221005085732.0
006 a|||||r|||| 00| 0
007 ta
008 221004b |||||||| |||| 00| 0 eng d
024 _a64462
037 _cTextual
040 _aCRL
_cCRL
_beng
041 _2eng
_aeng
082 _aP111, K2
100 _aHarrison G. B.
_952903
245 0 _aProfession of English
260 _aNew York
_bHarcourt Brace & World
_c1962
300 _a183p.
_ccm.
650 _aLINGUISTICS
942 _hP111, K2
_cTEXL
_2cc
999 _c994719
_d994719